[Event "Rated Blitz game"]
[Site "?"]
[Date "2021.02.21"]
[Round "?"]
[White "highway_star"]
[Black "ScrappyCokko"]
[Result "0-1"]
[WhiteElo "2340"]
[BlackElo "2455"]
[PlyCount "86"]
[EventDate "2021.??.??"]
[EventType "blitz"]
[TimeControl "180"]

1. e4 e5 2. Nf3 Nc6 3. Nc3 Nf6 4. Nxe5 Nxe5 5. d4 Ng6 6. e5 Ng8 7. Bc4 N8e7 8.
Qf3 d6 9. exd6 Qxd6 10. Bxf7+ Kd8 11. O-O Nf5 12. Bg5+ Be7 13. Be3 Rf8 14. Bxg6
Qxg6 15. Qd5+ Bd6 16. Ne4 c6 17. Qb3 Nh4 18. Bg5+ Kc7 19. Bxh4 Qxe4 20. Bg3
Bxg3 21. Qxg3+ Kb6 22. Rfe1 Qxc2 23. Rac1 Qg6 24. Qb3+ Kc7 25. d5 Bd7 26. dxc6
bxc6 27. Qb4 a5 28. Qc5 Rf5 29. Qd4 Qf6 30. Qe3 Rd5 31. Qg3+ Qd6 32. Qxg7 Rb8
33. b3 Rb4 34. Qxh7 Rg4 35. Qc2 Rh5 36. g3 Rg7 37. Qc3 Rgh7 38. h4 Rxh4 39.
gxh4 Rxh4 40. Rcd1 Rg4+ 41. Kf1 Qg6 42. Qxa5+ Kc8 43. Rxd7 Kxd7 {Time forfeit}
0-1

[Event "Rated Blitz game"]
[Site "?"]
[Date "2021.02.21"]
[Round "?"]
[White "MiroLewy66"]
[Black "Stratov"]
[Result "0-1"]
[WhiteElo "2339"]
[BlackElo "2427"]
[PlyCount "64"]
[EventDate "2021.??.??"]
[EventType "blitz"]
[TimeControl "300"]

1. e4 e5 2. Nf3 Nc6 3. Nc3 Nf6 4. Nxe5 Nxe5 5. d4 d6 6. dxe5 dxe5 7. Qxd8+ Kxd8
8. Bg5 c6 9. Bxf6+ gxf6 10. O-O-O+ Kc7 11. Bc4 Be6 12. Bxe6 fxe6 13. Rd3 Rd8
14. Rf3 Be7 15. h4 Rhg8 16. g3 Rd4 17. Rd1 Rgd8 18. Rdd3 b5 19. Rxd4 exd4 20.
Ne2 c5 21. Nf4 Kd6 22. Nh5 Ke5 23. Rf4 c4 24. Kd2 b4 25. Rg4 c3+ 26. bxc3 dxc3+
27. Kc1 Rd2 28. Rg7 Bc5 29. f4+ Kxe4 30. Nxf6+ Kf3 31. Rc7 Be3 32. Rxh7 Rh2+ {
Normal} 0-1

[Event "Rated Blitz tournament qUJEGavI"]
[Site "?"]
[Date "2021.02.21"]
[Round "?"]
[White "sim13a"]
[Black "chicago_blitzer"]
[Result "0-1"]
[WhiteElo "2390"]
[BlackElo "2444"]
[PlyCount "38"]
[EventDate "2021.??.??"]
[EventType "blitz"]
[TimeControl "300"]

1. e4 e5 2. Nf3 Nc6 3. Nc3 Nf6 4. Nxe5 Nxe5 5. d4 Bb4 6. dxe5 Nxe4 7. Qd4 Bxc3+
8. bxc3 d5 9. Ba3 Ng5 10. Bd3 Ne6 11. Qg4 c5 12. O-O O-O 13. c4 dxc4 14. Bxc4
Nd4 15. Qg3 Be6 16. Bxe6 Ne2+ 17. Kh1 Nxg3+ 18. hxg3 fxe6 19. Bxc5 Rf7 {Normal}
0-1

[Event "Rated Blitz game"]
[Site "?"]
[Date "2021.02.21"]
[Round "?"]
[White "highway_star"]
[Black "Krishnamurti33"]
[Result "1/2-1/2"]
[WhiteElo "2322"]
[BlackElo "2430"]
[PlyCount "98"]
[EventDate "2021.??.??"]
[EventType "blitz"]
[TimeControl "180"]

1. e4 e5 2. Nf3 Nc6 3. Nc3 Nf6 4. Nxe5 Nxe5 5. d4 Ng6 6. e5 Be7 7. exf6 Bxf6 8.
Bd3 O-O 9. O-O d5 10. Ne2 c6 11. c3 Be6 12. Qc2 Re8 13. Nf4 Nxf4 14. Bxf4 g6
15. Rfe1 Bg5 16. Bxg5 Qxg5 17. Re3 Re7 18. Rae1 Rae8 19. Qe2 Kf8 20. Re5 Qf6
21. g3 Bd7 22. f4 Rxe5 23. fxe5 Qg5 24. Rf1 Kg7 25. Qf2 Be6 26. h4 Qe7 27. h5
b6 28. hxg6 hxg6 29. Qf6+ Qxf6 30. Rxf6 Rh8 31. Bxg6 Rh6 32. Bd3 Rxf6 33. exf6+
Kxf6 34. Kf2 Kg5 35. Be2 f6 36. Ba6 Bd7 37. Bb7 Kg4 38. b4 b5 39. Ba8 f5 40.
Bb7 f4 41. gxf4 Kxf4 42. Ke2 Ke4 43. Kd2 Kf4 44. Kc2 Ke3 45. Kb3 Kd3 46. Ba8
Kd2 47. Bb7 Kd3 48. Ba8 Kd2 49. Bb7 Kd3 {Normal} 1/2-1/2

[Event "Rated Blitz game"]
[Site "?"]
[Date "2021.02.20"]
[Round "?"]
[White "PurgeDota"]
[Black "peshkunets"]
[Result "0-1"]
[WhiteElo "2315"]
[BlackElo "2402"]
[PlyCount "138"]
[EventDate "2021.??.??"]
[EventType "blitz"]
[TimeControl "180"]

1. e4 e5 2. Nf3 Nc6 3. Nc3 Nf6 4. Nxe5 Nxe5 5. d4 Ng6 6. e5 Ng8 7. Bc4 Bb4 8.
Qf3 Bxc3+ 9. bxc3 Qe7 10. O-O Nh6 11. Bd3 O-O 12. Qh5 d6 13. Bg5 Qe6 14. f4 Qg4
15. Qxg4 Nxg4 16. f5 f6 17. fxg6 hxg6 18. exf6 gxf6 19. Bd2 f5 20. h3 Nf6 21.
Rae1 Bd7 22. Bg5 Nd5 23. Bd2 Rae8 24. c4 Nb6 25. c5 Nd5 26. cxd6 cxd6 27. Bc4
Bc6 28. Bb3 b5 29. Bf4 Rd8 30. Bg5 Rd7 31. c4 bxc4 32. Bxc4 Kf7 33. Re2 Re8 34.
Rfe1 Rxe2 35. Rxe2 Kf8 36. Rb2 Rb7 37. Rxb7 Bxb7 38. Kf2 Nb6 39. Bd3 Bd5 40. a3
Kf7 41. g3 Nd7 42. Bf4 Ke6 43. Ke3 Nf6 44. Bg5 Bg2 45. h4 Ng4+ 46. Kf4 Nf2 47.
Bc2 Nh3+ 48. Ke3 Nxg5 49. hxg5 Kd5 50. Bb3+ Kc6 51. Bf7 Be4 52. Bxg6 Bb1 53. g4
Kd5 54. gxf5 Ba2 55. f6 Ke6 56. Kf4 Bd5 57. Bf5+ Kf7 58. Be4 Bc4 59. d5 Bb3 60.
Kf5 Ba2 61. g6+ Kf8 62. g7+ Kf7 63. Bf3 Bxd5 64. Kg5 Ke8 65. Bh5+ Kd7 66. f7
Kc7 67. f8=Q Kb6 68. Qf7 Kc5 69. Qf6 Be4 {Time forfeit} 0-1

[Event "Rated Blitz game"]
[Site "?"]
[Date "2021.02.20"]
[Round "?"]
[White "khalid_ontawar"]
[Black "king_shawn123"]
[Result "0-1"]
[WhiteElo "2227"]
[BlackElo "2474"]
[PlyCount "90"]
[EventDate "2021.??.??"]
[EventType "blitz"]
[TimeControl "180"]

1. e4 Nc6 2. Nc3 e5 3. Nf3 Nf6 4. Nxe5 Nxe5 5. d4 Ng6 6. e5 Bb4 7. exf6 Qxf6 8.
Be2 O-O 9. O-O Bxc3 10. bxc3 d5 11. c4 Be6 12. cxd5 Bxd5 13. c4 Be6 14. Ba3
Rfd8 15. d5 c6 16. Bf3 Nh4 17. Rb1 Nxf3+ 18. Qxf3 Qxf3 19. gxf3 cxd5 20. Rxb7
dxc4 21. Rc1 Rd3 22. Bc5 Rxf3 23. Rxa7 Rxa7 24. Bxa7 Ra3 25. Rd1 h6 26. Bd4
Rxa2 27. Re1 Rd2 28. Be3 Rd3 29. Kg2 c3 30. Rc1 Bb3 31. Kf3 c2 32. Ke2 Rd1 33.
h4 Kh7 34. Kf3 Kg6 35. Kg3 Kf5 36. Kf3 g5 37. hxg5 hxg5 38. Ke2 f6 39. Kf3 Ke5
40. Kg4 Ke4 41. Kh5 Kf5 42. f3 Rxc1 43. Bxc1 Bd5 44. f4 Bf3+ 45. Kh6 g4 {Normal
} 0-1

[Event "Rated Blitz game"]
[Site "?"]
[Date "2021.02.20"]
[Round "?"]
[White "vladlitus"]
[Black "JonathanCarlstedt"]
[Result "0-1"]
[WhiteElo "2411"]
[BlackElo "2455"]
[PlyCount "56"]
[EventDate "2021.??.??"]
[EventType "blitz"]
[TimeControl "180"]

1. e4 e5 2. Nc3 Nc6 3. Nf3 Nf6 4. Nxe5 Nxe5 5. d4 Ng6 6. e5 Be7 7. exf6 Bxf6 8.
Nd5 O-O 9. Be3 Re8 10. Be2 c6 11. Nxf6+ Qxf6 12. O-O d5 13. Qd2 h6 14. a4 Bf5
15. a5 a6 16. Ra3 Re7 17. g3 Rae8 18. Rc1 Be4 19. Rf1 Bf3 20. Bd3 Qe6 21. Rc1
Nh4 22. c4 Qg4 23. Bf1 Be4 24. Qd1 Nf3+ 25. Kh1 Nxd4+ 26. Kg1 Nf3+ 27. Kh1 Ng5+
28. Kg1 Bf3 {Normal} 0-1

[Event "Rated Blitz game"]
[Site "?"]
[Date "2021.02.20"]
[Round "?"]
[White "Smiechu"]
[Black "Bierkules"]
[Result "0-1"]
[WhiteElo "2400"]
[BlackElo "2409"]
[PlyCount "44"]
[EventDate "2021.??.??"]
[EventType "blitz"]
[TimeControl "180"]

1. e4 e5 2. Nf3 Nf6 3. Nc3 Nc6 4. Nxe5 Nxe5 5. d4 Ng6 6. e5 Ng8 7. Bc4 d5 8.
Nxd5 Be6 9. Bg5 f6 10. Nxf6+ gxf6 11. Bxe6 fxg5 12. Qf3 Nh6 13. Qxb7 Rb8 14.
Qc6+ Ke7 15. O-O-O Rb6 16. Qc5+ Kxe6 17. d5+ Kd7 18. e6+ Kc8 19. Qa5 Kb8 20.
Rhe1 Bb4 21. e7 Bxa5 22. exd8=Q+ Rxd8 {Normal} 0-1

[Event "Rated Blitz game"]
[Site "?"]
[Date "2021.02.19"]
[Round "?"]
[White "maximsnigurov"]
[Black "Muhammadali77"]
[Result "1-0"]
[WhiteElo "2540"]
[BlackElo "2519"]
[PlyCount "35"]
[EventDate "2021.??.??"]
[EventType "blitz"]
[TimeControl "180"]

1. Nc3 e5 2. Nf3 Nc6 3. e4 Nf6 4. Nxe5 Nxe5 5. d4 Be7 6. dxe5 Ng8 7. Bc4 d6 8.
Qd5 Be6 9. Qxb7 Bxc4 10. Qc6+ Kf8 11. Qxc4 dxe5 12. Be3 Nf6 13. Rd1 Qc8 14. O-O
h6 15. f4 exf4 16. Rxf4 Qe6 17. Qxe6 fxe6 18. e5 {Normal} 1-0

[Event "Rated Blitz game"]
[Site "?"]
[Date "2021.02.19"]
[Round "?"]
[White "Henry940622"]
[Black "MasterOffPuppets"]
[Result "0-1"]
[WhiteElo "2343"]
[BlackElo "2492"]
[PlyCount "76"]
[EventDate "2021.??.??"]
[EventType "blitz"]
[TimeControl "180"]

1. e4 e5 2. Nf3 Nc6 3. Nc3 Nf6 4. Nxe5 Nxe5 5. d4 Nc6 6. d5 Ne5 7. f4 Bd6 8.
fxe5 Bxe5 9. Bd3 Qe7 10. O-O d6 11. h3 h6 12. Be3 a6 13. Rb1 Bd7 14. Ne2 O-O
15. c4 Rae8 16. Qc2 Nh7 17. Nd4 Ng5 18. Nf5 Bxf5 19. Rxf5 Bf6 20. Re1 g6 21.
Rff1 Bg7 22. h4 Nxe4 23. Bf2 f5 24. Re2 Qf6 25. b3 Nxf2 26. Rexf2 Qxh4 27. Rf4
Qg3 28. R4f3 Bd4+ 29. Kh1 Qg5 30. Rh3 h5 31. Qd1 Bg7 32. Rff3 Qf6 33. Rf1 Re5
34. Qc2 Rfe8 35. Rhf3 Re1 36. Rxe1 Rxe1+ 37. Rf1 Qh4+ 38. Kg1 Bd4+ {Normal} 0-1

[Event "Rated Blitz game"]
[Site "?"]
[Date "2021.02.19"]
[Round "?"]
[White "maximsnigurov"]
[Black "Muhammadali77"]
[Result "0-1"]
[WhiteElo "2540"]
[BlackElo "2520"]
[PlyCount "52"]
[EventDate "2021.??.??"]
[EventType "blitz"]
[TimeControl "180"]

1. e4 e5 2. Nf3 Nc6 3. Nc3 Nf6 4. Nxe5 Nxe5 5. d4 Nc6 6. d5 Bb4 7. dxc6 bxc6 8.
Bd3 O-O 9. O-O d5 10. e5 Nd7 11. Qh5 g6 12. Qe2 Re8 13. f4 f6 14. Qf3 fxe5 15.
Nxd5 Bc5+ 16. Kh1 Rb8 17. fxe5 cxd5 18. Bg5 Nxe5 19. Bxd8 Nxf3 20. Bxc7 Rb7 21.
Bg3 Nd2 22. Rfd1 Ne4 23. c4 Nxg3+ 24. hxg3 Re5 25. g4 Rxb2 26. cxd5 Bxg4 {
Normal} 0-1

[Event "Rated Blitz game"]
[Site "?"]
[Date "2021.02.19"]
[Round "?"]
[White "MiroLewy66"]
[Black "HotboxWithGod"]
[Result "1-0"]
[WhiteElo "2308"]
[BlackElo "2405"]
[PlyCount "75"]
[EventDate "2021.??.??"]
[EventType "blitz"]
[TimeControl "300"]

1. e4 e5 2. Nf3 Nc6 3. Nc3 Nf6 4. Nxe5 Nxe5 5. d4 Nxe4 6. Nxe4 Ng6 7. Qf3 Be7
8. h4 Nxh4 9. Qg3 Ng6 10. Bd3 d5 11. Nc3 Be6 12. Bxg6 fxg6 13. Rxh7 Rxh7 14.
Qxg6+ Bf7 15. Qxh7 Bf6 16. Qh8+ Kd7 17. Qh3+ Be6 18. Qd3 c6 19. Bf4 Qb6 20.
O-O-O Qa5 21. Kb1 Rh8 22. a3 b5 23. Bd2 Qb6 24. Be3 a5 25. f4 Bg4 26. Re1 Rh2
27. Qd2 Bf3 28. Qf2 Bh5 29. Qg3 Rh4 30. Qf2 Rg4 31. g3 Bf7 32. Rh1 Rg6 33. f5
Rg4 34. Qf3 Rg5 35. Bxg5 Bxg5 36. f6 Bxf6 37. Ne2 Bg6 38. Qg4+ {Normal} 1-0

[Event "Rated Blitz game"]
[Site "?"]
[Date "2021.02.18"]
[Round "?"]
[White "MiguelThal"]
[Black "tarask2000"]
[Result "0-1"]
[WhiteElo "2353"]
[BlackElo "2443"]
[PlyCount "134"]
[EventDate "2021.??.??"]
[EventType "blitz"]
[TimeControl "180"]

1. e4 e5 2. Nf3 Nf6 3. Nc3 Nc6 4. Nxe5 Nxe5 5. d4 Nc6 6. d5 Ne7 7. e5 Nfxd5 8.
Nxd5 Nxd5 9. Qxd5 c6 10. Qe4 d5 11. exd6+ Be6 12. Bf4 Qa5+ 13. c3 O-O-O 14. b4
Qa3 15. Qc2 Bxd6 16. Be3 Be5 17. Rc1 Qxa2 18. Be2 Qxc2 19. Rxc2 a6 20. O-O Bf5
21. Rcc1 Bd3 22. Rfe1 Bxe2 23. Rxe2 f6 24. f4 Bc7 25. Kf2 Rhe8 26. g3 Re7 27.
Bc5 Rxe2+ 28. Kxe2 Bd6 29. Bd4 Re8+ 30. Kf3 Kd7 31. Rd1 Kc7 32. h4 Bf8 33. h5
h6 34. g4 b6 35. Ra1 Kb7 36. Rd1 Rd8 37. Re1 c5 38. bxc5 bxc5 39. Rb1+ Kc6 40.
Be3 c4 41. Rb6+ Kc7 42. Rxa6 Rd3 43. Ra7+ Kb8 44. Rf7 Bc5 45. Rf8+ Bxf8 46. Ke4
Kc7 47. g5 fxg5 48. fxg5 Rxe3+ 49. Kxe3 hxg5 50. Ke4 Kd6 51. Kf5 Be7 52. Kg6
Bf6 53. h6 gxh6 54. Kxf6 g4 55. Kf5 g3 56. Ke4 g2 57. Kd4 g1=Q+ 58. Kxc4 Qg4+
59. Kb3 h5 60. c4 h4 61. Kb4 Kc6 62. Kc3 h3 63. Kd3 h2 64. Ke3 h1=Q 65. Kd3
Qhh3+ 66. Kc2 Qgg2+ 67. Kc1 Qhh1# {Normal} 0-1

[Event "Rated Blitz game"]
[Site "?"]
[Date "2021.02.18"]
[Round "?"]
[White "maximsnigurov"]
[Black "pascalka0409"]
[Result "0-1"]
[WhiteElo "2547"]
[BlackElo "2648"]
[PlyCount "38"]
[EventDate "2021.??.??"]
[EventType "blitz"]
[TimeControl "180"]

1. e4 e5 2. Nf3 Nc6 3. Nc3 Nf6 4. Nxe5 Nxe5 5. d4 Ng6 6. e5 Ng8 7. Bc4 d5 8.
Bxd5 N8e7 9. Be4 c6 10. O-O Be6 11. Qd3 Qd7 12. f4 Nh4 13. Na4 b6 14. Be3 Rd8
15. Rad1 Nd5 16. f5 Nxf5 17. Rxf5 Nxe3 18. Qxe3 Bxf5 19. Bf3 Be7 {Normal} 0-1

[Event "Rated Blitz game"]
[Site "?"]
[Date "2021.02.18"]
[Round "?"]
[White "maximsnigurov"]
[Black "pascalka0409"]
[Result "0-1"]
[WhiteElo "2552"]
[BlackElo "2656"]
[PlyCount "43"]
[EventDate "2021.??.??"]
[EventType "blitz"]
[TimeControl "180"]

1. e4 e5 2. Nf3 Nc6 3. Nc3 Nf6 4. Nxe5 Nxe5 5. d4 Ng6 6. e5 Ng8 7. Bc4 d5 8.
Bxd5 Bb4 9. Qf3 Qd7 10. O-O c6 11. Bb3 Qf5 12. Qe3 N8e7 13. Ne4 Nd5 14. Qe2
Ndf4 15. Qe3 O-O 16. c3 Be7 17. Bc2 Qg4 18. Ng3 Bg5 19. h3 Qh4 20. Ne4 Nxh3+
21. Qxh3 Bxh3 22. Bf4 {Normal} 0-1

[Event "Rated Blitz game"]
[Site "?"]
[Date "2021.02.17"]
[Round "?"]
[White "brunosten"]
[Black "Consent_to_treatment"]
[Result "0-1"]
[WhiteElo "2457"]
[BlackElo "2612"]
[PlyCount "132"]
[EventDate "2021.??.??"]
[EventType "blitz"]
[TimeControl "180"]

1. e4 e5 2. Nf3 Nc6 3. Nc3 Nf6 4. Nxe5 Nxe5 5. d4 Ng6 6. e5 Be7 7. Bc4 O-O 8.
exf6 Bxf6 9. O-O c6 10. d5 Bxc3 11. bxc3 d6 12. f4 Qf6 13. Qd3 Bf5 14. Qg3 c5
15. Be3 Qxc3 16. Bb5 a6 17. Bd3 Bxd3 18. cxd3 Qxd3 19. f5 Rfe8 20. Rae1 Ne5 21.
f6 Qg6 22. Bg5 h6 23. Bf4 Qxg3 24. Bxg3 g6 25. Bxe5 Rxe5 26. Rxe5 dxe5 27. Re1
Re8 28. d6 Kf8 29. d7 Rd8 30. Rxe5 Rxd7 31. Rxc5 Ke8 32. Rc8+ Rd8 33. Rc7 Rd6
34. Re7+ Kf8 35. Rxb7 Rxf6 36. a4 h5 37. Ra7 Kg8 38. a5 Kg7 39. h4 Kh6 40. Kh2
g5 41. hxg5+ Kxg5 42. Kh3 Kg6 43. Ra8 Kf5 44. Kh4 Rh6 45. g3 Ke4 46. Ra7 f5 47.
Kg5 Re6 48. Kxh5 f4 49. gxf4 Kxf4 50. Ra8 Ke5 51. Rd8 Rd6 52. Ra8 Kd5 53. Kg4
Kc4 54. Rb8 Rd5 55. Kf3 Rxa5 56. Ke2 Rb5 57. Ra8 a5 58. Kd2 Kb4 59. Kc2 Ka4 60.
Rc8 Rb4 61. Rc5 Rb5 62. Rc4+ Rb4 63. Rc5 Re4 64. Rc3 Re2+ 65. Kd1 Re6 66. Kc1
Kb5 {Time forfeit} 0-1

[Event "Rated Blitz game"]
[Site "?"]
[Date "2021.02.17"]
[Round "?"]
[White "highway_star"]
[Black "sewin16"]
[Result "1-0"]
[WhiteElo "2385"]
[BlackElo "2428"]
[PlyCount "93"]
[EventDate "2021.??.??"]
[EventType "blitz"]
[TimeControl "180"]

1. e4 e5 2. Nf3 Nc6 3. Nc3 Nf6 4. Nxe5 Nxe5 5. d4 Nc6 6. d5 Ne5 7. f4 Ng6 8. e5
Bb4 9. exf6 Qxf6 10. Bd3 Nxf4 11. O-O Qd4+ 12. Kh1 Nxd3 13. cxd3 O-O 14. Ne4
Qxd5 15. Nf6+ gxf6 16. Qg4+ Kh8 17. Qxb4 d6 18. Be3 Rg8 19. Rf2 Bh3 20. Rg1 Rg4
21. Qc3 Rg6 22. Bd4 c5 23. Bxf6+ Kg8 24. d4 Be6 25. dxc5 dxc5 26. b3 Re8 27.
Qc1 Bf5 28. Bb2 Be4 29. Qc3 f6 30. h3 Re5 31. Rxf6 Rxf6 32. Qxe5 Qxe5 33. Bxe5
Rf2 34. Bd6 b6 35. a3 Ra2 36. b4 c4 37. Kh2 c3 38. Kg3 c2 39. Kf4 Bg6 40. Rc1
Rxa3 41. g4 Kf7 42. h4 Ke6 43. Be5 Kd5 44. h5 Be4 45. Bb2 Rf3+ 46. Kg5 Rb3 47.
Kh6 {Time forfeit} 1-0

[Event "Rated Blitz game"]
[Site "?"]
[Date "2021.02.17"]
[Round "?"]
[White "maximsnigurov"]
[Black "warredw"]
[Result "1-0"]
[WhiteElo "2555"]
[BlackElo "2512"]
[PlyCount "33"]
[EventDate "2021.??.??"]
[EventType "blitz"]
[TimeControl "180"]

1. e4 e5 2. Nf3 Nc6 3. Nc3 Nf6 4. Nxe5 Nxe5 5. d4 Nc6 6. d5 Bb4 7. dxc6 Nxe4 8.
Qd4 Qe7 9. Be2 dxc6 10. O-O Nf6 11. Bg5 Bd6 12. Rfe1 O-O 13. Bd3 Qd8 14. Qh4 h6
15. Ne4 Be7 16. Bxh6 gxh6 17. Nxf6+ {Normal} 1-0

[Event "Rated Blitz game"]
[Site "?"]
[Date "2021.02.17"]
[Round "?"]
[White "Vihajaisestatulesta"]
[Black "sotirakis"]
[Result "1-0"]
[WhiteElo "2391"]
[BlackElo "2405"]
[PlyCount "31"]
[EventDate "2021.??.??"]
[EventType "blitz"]
[TimeControl "180"]

1. e4 Nf6 2. Nc3 e5 3. Nf3 Nc6 4. Nxe5 Nxe5 5. d4 Nc6 6. d5 Bb4 7. dxc6 bxc6 8.
Bd3 O-O 9. O-O h6 10. e5 Nd5 11. Nxd5 cxd5 12. Qg4 Qe7 13. Bxh6 f6 14. exf6
Rxf6 15. Bg5 Qe6 16. Qxb4 {Normal} 1-0

[Event "Rated Blitz game"]
[Site "?"]
[Date "2021.02.16"]
[Round "?"]
[White "Olarov-crybaby"]
[Black "hicus"]
[Result "0-1"]
[WhiteElo "2346"]
[BlackElo "2411"]
[PlyCount "41"]
[EventDate "2021.??.??"]
[EventType "blitz"]
[TimeControl "180"]

1. e4 e5 2. Nf3 Nc6 3. Nc3 Nf6 4. Nxe5 Nxe5 5. d4 Ng6 6. e5 Ng8 7. Bc4 f5 8. h4
Bb4 9. Kf1 Bxc3 10. bxc3 d5 11. exd6 Qxd6 12. h5 N6e7 13. a4 Be6 14. Bd3 O-O-O
15. g3 Nf6 16. Bf4 Qd7 17. Rb1 Bd5 18. Rh4 Bc6 19. a5 Qd5 20. Rh2 Ng4 21. Rh4 {
Normal} 0-1

[Event "Rated Blitz tournament WjHJ4SK2"]
[Site "?"]
[Date "2021.02.16"]
[Round "?"]
[White "ruzomberok"]
[Black "lord_barre"]
[Result "0-1"]
[WhiteElo "2401"]
[BlackElo "2457"]
[PlyCount "30"]
[EventDate "2021.??.??"]
[EventType "blitz"]
[TimeControl "180+2"]

1. e4 e5 2. Nf3 Nc6 3. Nc3 Nf6 4. Nxe5 Nxe5 5. d4 Ng6 6. e5 Ng8 7. Bc4 d6 8.
Qf3 Qd7 9. h4 Qf5 10. Qe3 dxe5 11. Nd5 Bd6 12. h5 N6e7 13. Bd2 Nxd5 14. Bxd5
Ne7 15. Bf3 exd4 {Normal} 0-1

[Event "Rated Blitz game"]
[Site "?"]
[Date "2021.02.16"]
[Round "?"]
[White "Olarov-crybaby"]
[Black "onthewaygm"]
[Result "0-1"]
[WhiteElo "2334"]
[BlackElo "2444"]
[PlyCount "40"]
[EventDate "2021.??.??"]
[EventType "blitz"]
[TimeControl "180"]

1. e4 e5 2. Nf3 Nc6 3. Nc3 Nf6 4. Nxe5 Nxe5 5. d4 Nc6 6. d5 Ne5 7. f4 Ng6 8. e5
Bc5 9. exf6 O-O 10. fxg7 Re8+ 11. Be2 Qh4+ 12. g3 Qh3 13. Qd3 d6 14. Ne4 Bf5
15. Nf6+ Kxg7 16. Nxe8+ Rxe8 17. Qf3 Bg4 18. Qf1 Rxe2+ 19. Qxe2 Bxe2 20. Kxe2
Qg2+ {Normal} 0-1

[Event "Rated Blitz tournament WjHJ4SK2"]
[Site "?"]
[Date "2021.02.16"]
[Round "?"]
[White "ruzomberok"]
[Black "lord_barre"]
[Result "1-0"]
[WhiteElo "2372"]
[BlackElo "2482"]
[PlyCount "73"]
[EventDate "2021.??.??"]
[EventType "blitz"]
[TimeControl "180+2"]

1. e4 e5 2. Nf3 Nc6 3. Nc3 Nf6 4. Nxe5 Nxe5 5. d4 Ng6 6. e5 Ng8 7. Bc4 d5 8.
Bxd5 c6 9. Bb3 Bb4 10. O-O Bxc3 11. bxc3 N8e7 12. f4 h5 13. a4 Be6 14. Ba3 Qd7
15. Qd3 Bf5 16. Qe2 Nd5 17. Qd2 O-O-O 18. a5 a6 19. Bd6 Nc7 20. c4 Ne8 21. Bc5
Be6 22. Qc3 Ne7 23. d5 Bf5 24. Bb6 Kb8 25. Bxd8 Qxd8 26. d6 Ng6 27. c5 Qd7 28.
Bc4 Be6 29. Rab1 Ka7 30. Rb6 Qd8 31. Rfb1 Bc8 32. Qb3 Qd7 33. Rxa6+ Kb8 34. Rb6
Nxf4 35. a6 Qg4 36. Rxb7+ Ka8 37. Rb8+ {Time forfeit} 1-0

[Event "Rated Blitz game"]
[Site "?"]
[Date "2021.02.16"]
[Round "?"]
[White "vladlitus"]
[Black "fantozzi"]
[Result "0-1"]
[WhiteElo "2397"]
[BlackElo "2480"]
[PlyCount "60"]
[EventDate "2021.??.??"]
[EventType "blitz"]
[TimeControl "180"]

1. e4 e5 2. Nc3 Nf6 3. Nf3 Nc6 4. Nxe5 Nxe5 5. d4 Nc6 6. d5 Nb8 7. e5 Ng8 8. d6
c6 9. Bc4 Qh4 10. Qe2 b5 11. Bb3 b4 12. g3 Qd4 13. Be3 Qxe5 14. f4 Ba6 15. fxe5
Bxe2 16. Nxe2 f6 17. Bd4 fxe5 18. Bxe5 Nf6 19. a3 c5 20. axb4 Nc6 21. Bxf6 gxf6
22. bxc5 Bh6 23. Rf1 Rf8 24. Rf5 O-O-O 25. Bd5 Nb4 26. Bb3 Kb8 27. Ra4 Nc6 28.
Rh4 Be3 29. Rxh7 Ne5 30. Rh6 Bxh6 {Normal} 0-1

[Event "Rated Blitz game"]
[Site "?"]
[Date "2021.02.15"]
[Round "?"]
[White "Olarov-crybaby"]
[Black "Wilsonpalencia"]
[Result "1-0"]
[WhiteElo "2319"]
[BlackElo "2472"]
[PlyCount "167"]
[EventDate "2021.??.??"]
[EventType "blitz"]
[TimeControl "180"]

1. e4 e5 2. Nf3 Nc6 3. Nc3 Nf6 4. Nxe5 Nxe5 5. d4 d6 6. dxe5 dxe5 7. Qxd8+ Kxd8
8. Bc4 Be6 9. Bxe6 fxe6 10. f3 Bd6 11. Bg5 Ke7 12. O-O-O a6 13. Rd3 h6 14. Bh4
g5 15. Bf2 Nh5 16. Be3 Nf4 17. Bxf4 exf4 18. Rhd1 Rad8 19. Ne2 Be5 20. Rxd8
Rxd8 21. Rxd8 Kxd8 22. c3 c5 23. b3 b5 24. c4 b4 25. Kc2 a5 26. Kd3 Ke7 27. Ng1
Kf6 28. Nh3 Kg6 29. Nf2 Bd4 30. Ke2 Kh5 31. e5 Kg6 32. Ne4 Kf5 33. Nd6+ Kxe5
34. Nf7+ Kf5 35. Nxh6+ Kg6 36. Ng4 e5 37. Kd3 Kf5 38. h3 Bg1 39. Nh6+ Kg6 40.
Ng8 Kf7 41. Nh6+ Kg6 42. Ng4 Kf5 43. Ke2 e4 44. fxe4+ Kxe4 45. Nf6+ Kd4 46. Kd2
Be3+ 47. Kc2 f3 48. gxf3 Bf4 49. Ng4 Be3 50. Nf6 Bg1 51. Nd5 Bh2 52. Kd2 Bg1
53. Ke2 Bh2 54. Kd2 Bd6 55. Ke2 Be5 56. Kd2 a4 57. Ke2 axb3 58. axb3 Bd6 59.
Kd2 Bh2 60. Ke2 Bg1 61. f4 gxf4 62. h4 Ke5 63. Kf3 Kf5 64. Nxf4 Bd4 65. Nd3 Bc3
66. h5 Bd4 67. h6 Kf6 68. Ke4 Kg6 69. Kd5 Kxh6 70. Nxc5 Bc3 71. Nd3 Bd2 72. Kc5
Bc3 73. Kb5 Bd2 74. Nxb4 Bc3 75. Nd5 Bd2 76. Kc6 Bc3 77. Kd7 Bd2 78. Nb6 Bc3
79. c5 Bd2 80. c6 Bc3 81. c7 Bd2 82. Nd5 Bf4 83. c8=Q Bb8 84. Qc6+ {Time
forfeit} 1-0

[Event "Rated Blitz game"]
[Site "?"]
[Date "2021.02.15"]
[Round "?"]
[White "lederman"]
[Black "Roman2001"]
[Result "1/2-1/2"]
[WhiteElo "2401"]
[BlackElo "2479"]
[PlyCount "154"]
[EventDate "2021.??.??"]
[EventType "blitz"]
[TimeControl "180+2"]

1. e4 e5 2. Nc3 Nf6 3. Nf3 Nc6 4. Nxe5 Nxe5 5. d4 Ng6 6. e5 Be7 7. h4 d6 8.
exf6 Bxf6 9. h5 Ne7 10. Be3 h6 11. Qf3 Nf5 12. O-O-O O-O 13. Bd3 Nxe3 14. fxe3
Bg5 15. Kb1 c6 16. Rdf1 d5 17. e4 dxe4 18. Nxe4 f5 19. Nxg5 Qxg5 20. g4 Be6 21.
gxf5 Bd5 22. Be4 Bxe4 23. Qxe4 Rae8 24. Qf3 Re3 25. Qf2 Rfe8 26. Rhg1 Qf6 27.
Rg6 Qxd4 28. Qg1 Qe5 29. b3 Re1+ 30. Rxe1 Qxe1+ 31. Qxe1 Rxe1+ 32. Kb2 Rf1 33.
Re6 Rxf5 34. Re7 Rf7 35. Re8+ Kh7 36. Re5 g6 37. b4 gxh5 38. Rxh5 Kg6 39. Rh2
h5 40. a4 Rf4 41. Kc3 h4 42. Kb3 Rf3+ 43. Kc4 h3 44. b5 Kf5 45. Kc5 Rc3+ 46.
Kb4 Rg3 47. c4 Ke4 48. Kc5 cxb5 49. axb5 Kd3 50. Kb4 b6 51. Kb3 Ke4+ 52. Kb4
Kd4 53. Rd2+ Rd3 54. Rh2 Ke4 55. Rf2 Rg3 56. Rh2 Kf4 57. c5 bxc5+ 58. Kxc5 Kg4
59. Kc6 Rb3 60. Ra2 Kg3 61. Rxa7 Rb4 62. Ra3+ Kg2 63. Ra2+ Kg3 64. Ra3+ Kg4 65.
Kc5 Rb2 66. Ra8 h2 67. Rh8 Kg3 68. b6 Rc2+ 69. Kb5 Rb2+ 70. Kc6 Rb4 71. b7 Rxb7
72. Kxb7 Kg2 73. Rg8+ Kf2 74. Rf8+ Kg2 75. Rg8+ Kf2 76. Rh8 Kg2 77. Rxh2+ Kxh2
{Normal} 1/2-1/2

[Event "Rated Blitz game"]
[Site "?"]
[Date "2021.02.15"]
[Round "?"]
[White "lederman"]
[Black "RalphSheldon"]
[Result "0-1"]
[WhiteElo "2415"]
[BlackElo "2429"]
[PlyCount "26"]
[EventDate "2021.??.??"]
[EventType "blitz"]
[TimeControl "180+2"]

1. e4 e5 2. Nc3 Nf6 3. Nf3 Nc6 4. Nxe5 Nxe5 5. d4 Ng6 6. e5 Ng8 7. f4 d6 8. Bd3
N8e7 9. g4 dxe5 10. dxe5 Nd5 11. Qf3 Nxc3 12. bxc3 Qh4+ 13. Ke2 Bxg4 {Normal}
0-1

[Event "Rated Blitz game"]
[Site "?"]
[Date "2021.02.15"]
[Round "?"]
[White "lederman"]
[Black "Terizlong"]
[Result "1-0"]
[WhiteElo "2398"]
[BlackElo "2477"]
[PlyCount "63"]
[EventDate "2021.??.??"]
[EventType "blitz"]
[TimeControl "180+2"]

1. e4 e5 2. Nc3 Nf6 3. Nf3 Nc6 4. Nxe5 Nxe5 5. d4 Ng6 6. e5 Ng8 7. Bd3 Bb4 8.
O-O Bxc3 9. bxc3 N8e7 10. f4 d6 11. f5 dxe5 12. fxg6 hxg6 13. dxe5 Qd5 14. Rb1
Qxe5 15. Bf4 Qc5+ 16. Kh1 O-O 17. Rb5 Qc6 18. Qe2 Nd5 19. Be4 Nxf4 20. Rxf4
Qxc3 21. Rb3 Qe5 22. Qf2 g5 23. Re3 Qxf4 24. Bf3 Be6 25. Qe2 c6 26. g3 Qd4 27.
Bh5 Bd5+ 28. Kg1 Qa1+ 29. Kf2 Qxa2 30. Re7 Be6 31. Qe4 Qa5 32. Rxe6 {Time
forfeit} 1-0